Normal view
MARC view
Entry Personal Name
001 - CONTROL NUMBER
- control field: 1238364
003 - CONTROL NUMBER IDENTIFIER
- control field: OSt
005 - DATE AND TIME OF LATEST TRANSACTION
- control field: 20260430150811.0
008 - FIXED-LENGTH DATA ELEMENTS
- fixed length control field: 260430|| aca||aabn | a|a d
040 ## - CATALOGING SOURCE
- Original cataloging agency: OSt
- Transcribing agency: OSt
100 ## - HEADING--PERSONAL NAME
- Personal name: दिल्ली विश्वविद्यालय. कला संकाय. संस्कृत विभाग; दिल्ली विश्वविद्यालय. कला संकाय. संस्कृत विभाग
670 ## - SOURCE DATA FOUND
- Source citation: Work cat.: (OSt)1850831: मनोहर लाल, ले. 870303, चीरहणम् महाकाव्य का राजनीतिक एवं सांस्कृतिक अध्ययन, 2023
